| 000 | 00554 a2200217 4500 | ||
|---|---|---|---|
| 005 | 20260217103022.0 | ||
| 008 | 260217b |||||||| |||| 00| 0 eng d | ||
| 020 |
_a9789395161237 _cRs. 550.00 |
||
| 040 | _aMAIN | ||
| 082 |
_a539.7 _bA62E(5) |
||
| 100 | _aArnikar, H J | ||
| 245 | _aEssentials of nuclear chemistry | ||
| 250 | _a5th | ||
| 260 |
_bNew Age International _aLondon _c2025 |
||
| 300 | _axv, 440 | ||
| 650 | _aNuclear Chemistry | ||
| 650 | _aNuclear Reactions | ||
| 650 | _aRadiochemistry | ||
| 650 | _aRadioactivity | ||
| 942 | _cBK | ||
| 999 |
_c394537 _d394537 |
||